000 00531nam a2200241Ia 4500
003 IT-RoPAU
008 120407s9999 xx 000 0 und d
040 _aIT-RoPAU
040 _cIT-RoPAU
041 _aita
100 _aJean Guitton
245 _aIl Cristo della mia vita. 2a. ed.
250 _aCinisello Balsamo
260 _aEdizioni Paoline
260 _c1989
300 _a345 p.
300 _c20 cm
490 _aInterviste verità, 5
490 _v1
700 _aJ. Doré
942 _cBK
999 _c33104
_d33104